000 00535 a2200181 4500
003 OSt
005 20240119135146.0
008 240119b |||||||| |||| 00| 0 eng d
020 _a9788182719361
040 _coclc
082 _a297
_bKAR/Q
100 _a Karakunnu, Sheikh Mohammed
_91839
245 _aQuranile 25 Pravachakanmar /
_cShaikh Muhammed Karakunnu
250 _a5th ed.
260 _aKozhikode:
_bIslamic Publishing House,
_c2022.
300 _a256p.
942 _2ddc
_cBK
_h297
_iKAR/Q
_k297
_mKAR/Q
999 _c43269
_d43269